<?xml version="1.0" encoding="UTF-8"?>
<record
    xmlns:xsi="http://www.w3.org/2001/XMLSchema-instance"
    xsi:schemaLocation="http://www.loc.gov/MARC21/slim http://www.loc.gov/standards/marcxml/schema/MARC21slim.xsd"
    xmlns="http://www.loc.gov/MARC21/slim">

  <leader>01648nam a22002657a 4500</leader>
  <controlfield tag="003">UA-OsUOA</controlfield>
  <controlfield tag="001"> 136691 </controlfield>
  <controlfield tag="007">ta</controlfield>
  <controlfield tag="008">20190404b un ||||| |||| 00| 0 ukr d</controlfield>
  <datafield tag="090" ind1=" " ind2=" ">
    <subfield code="b">D-67</subfield>
  </datafield>
  <datafield tag="942" ind1=" " ind2=" ">
    <subfield code="c">MGN</subfield>
  </datafield>
  <datafield tag="040" ind1=" " ind2=" ">
    <subfield code="a">UA-OsUOA</subfield>
    <subfield code="b">eng</subfield>
    <subfield code="c">UA-OsUOA</subfield>
    <subfield code="d">UA-OsUOA</subfield>
  </datafield>
  <datafield tag="245" ind1=" " ind2=" ">
    <subfield code="a">Digital Culture &amp; Education</subfield>
    <subfield code="c">For further inquiries and submission of work, send an email to editor@digitalcultureandeducation.com</subfield>
  </datafield>
  <datafield tag="955" ind1=" " ind2=" ">
    <subfield code="a">1</subfield>
  </datafield>
  <datafield tag="041" ind1=" " ind2=" ">
    <subfield code="a">eng</subfield>
  </datafield>
  <datafield tag="022" ind1=" " ind2=" ">
    <subfield code="a">1836-8301</subfield>
  </datafield>
  <datafield tag="856" ind1="4" ind2="0">
    <subfield code="u">http://www.digitalcultureandeducation.com/volume-10/</subfield>
  </datafield>
  <datafield tag="520" ind1="3" ind2=" ">
    <subfield code="a">Digital Culture &amp; Education (DCE) is an international inter-disciplinary peer-reviewed journal dedicated to the exploration of digital technology&#x2019;s impacts on identity, education, art, society, culture and narrative within social, political, economic,</subfield>
  </datafield>
  <datafield tag="520" ind1="3" ind2=" ">
    <subfield code="a">cultural and historical contexts.We are interested in empirical and conceptual approaches to theorising globalisation, development, sustainability, wellbeing, subjectivities, networks, new media, gaming, multimodality, literacies and related issu</subfield>
  </datafield>
  <datafield tag="520" ind1="3" ind2=" ">
    <subfield code="a">es and their implications for how we educate and why. We encourage submissions in a variety of modes and invite guest editors to propose special editions.DCE is an online, open access journal. It does not charge for article submission or for publi</subfield>
  </datafield>
  <datafield tag="520" ind1="3" ind2=" ">
    <subfield code="a">cation. All manuscripts submitted to DCE are double blind reviewed. Articles are published through a Creative Commons (CC) License and made available for viewing and download on a bespoke page at www.digitalcultureandeducation.com</subfield>
  </datafield>
  <datafield tag="260" ind1=" " ind2=" ">
    <subfield code="c">2018</subfield>
  </datafield>
  <datafield tag="246" ind1="3" ind2="1">
    <subfield code="a">(DCE)</subfield>
    <subfield code="n">1</subfield>
  </datafield>
  <datafield tag="650" ind1=" " ind2="7">
    <subfield code="2">UDC</subfield>
  </datafield>
  <datafield tag="999" ind1=" " ind2=" ">
    <subfield code="c">409964</subfield>
    <subfield code="d">409964</subfield>
  </datafield>
</record>
